| 000 | 00493nam a22001697a 4500 | ||
|---|---|---|---|
| 999 |
_c11974 _d11974 |
||
| 008 | 210115b ||||| |||| 00| 0 eng d | ||
| 020 | _a0028005945 | ||
| 082 | 0 | 0 |
_a001.6404 _bM262 |
| 100 |
_92369 _aMalvino, Albert Paul |
||
| 245 | 1 | 0 |
_aDigital computer electronics / _cby Albert Paul Malvino and Jerald A. Brown |
| 250 | _a3rd ed. | ||
| 260 |
_aNew Delhi: _bTata McGrawhill, _c1995 |
||
| 300 | _avi, 522 p. | ||
| 650 | 0 | _aMicrocomputers | |
| 700 |
_94236 _aBrown, Jerald A. |
||
| 942 | _cBK | ||